English Lyrics in Cosmic by Red velvet - Statistics

General Stats
  • This quiz has been taken 50 times
  • The average score is 99 of 136
Answer Stats
Answer % Correct
Cosmic
97%
I
97%
Love
97%
You
90%
The
87%
Your
87%
On
84%
Rhythm
84%
Riding
84%
Solar
84%
System
84%
Through
84%
A
81%
Me
81%
I’m
77%
Just
74%
Yeah
74%
Come
71%
Is
71%
Oh
71%
With
71%
Night
68%
To
68%
And
65%
Can
65%
Can’t
65%
Say
65%
Do
61%
Good
61%
My
61%
What
61%
Did
58%
Got
58%
Hey
58%
Electric
55%
Funny
55%
It’s
55%
Mind
55%
Plan
55%
Story
55%
‘Cause
48%
Never
42%
Stars
42%
(When
42%
Align)
39%
Landing
35%
Woah
19%
Ayy
10%
No matching quizzes found
Score Distribution
Percent of People with Each Score
Percentile by Number Answered
Your Score History
You have not taken this quiz